000 01150cad a2200205 a 4500
001 L137149
008 070316s2007 xxkad f s 000 0 eng d
035 _a(Sirsi) u137149
041 0 _aeng
110 2 _aKing Sturge
_93877
245 0 0 _aEuropean property investors and bankers survey 2007
_h[electronic resource]
260 _c2007
490 0 _aEuropean Property Investors and Bankers Survey
_v2007
520 _aReports strong confidence in European commercial property with investment returns expected to exceed the previous year. Compares expectations in the UK market with expectation in the European market, and finds that most investors believe growth in the European market will outstrip that of the UK. Reports that investors and bankers are turning their attention away from new Central and Eastern Europe and the UK, expecting better returns to come from Germany, France, Italy and Spain.
590 _aKA
651 4 _aEUROPE
690 _aPROPERTY-COMMERCIAL PROPERTY-COMMERCIAL PROPERTY FINANCE AND INVESTMENT
856 4 0 _uhttps://www.kingsturge.co.uk/
_zView the item free of charge at www.kingsturge.co.uk...
942 _n0
999 _c106661
_d106661